| 000 | 00547nam a2200169Ia 4500 | ||
|---|---|---|---|
| 008 | 090711s9999 xx 000 0 und d | ||
| 082 | _b1146 | ||
| 100 | _aप्रभावळकर दिलीप | ||
| 245 | _aअवती भवती | ||
| 260 |
_bश्रीकल्प प्रकाशन _c2000 |
||
| 300 | _a114 | ||
| 600 | _aप्रभावळकर दिलीप | ||
| 630 | _aअवती भवती | ||
| 700 | _aप्रभावळकर दिलीप | ||
| 730 | _aअवती भवती | ||
| 942 | _cBOOK | ||
| 999 |
_c338544 _d338541 |
||